Partidos Políticos / (Record no. 10974)
[ view plain ]
| 000 -LEADER | |
|---|---|
| fixed length control field | 00621nam a22002057a 4500 |
| 003 - CONTROL NUMBER IDENTIFIER | |
| control field | AR-FvUNAJ |
| 005 - DATE AND TIME OF LATEST TRANSACTION | |
| control field | 20250610124603.0 |
| 008 - FIXED-LENGTH DATA ELEMENTS--GENERAL INFORMATION | |
| fixed length control field | 231030b ||||| |||| 00| 0 spa d |
| 040 ## - CATALOGING SOURCE | |
| Transcribing agency | AR-FvUNAJ |
| 082 14 - DEWEY DECIMAL CLASSIFICATION NUMBER | |
| Edition number | 14 |
| Classification number | 324.2 |
| 100 1# - MAIN ENTRY--PERSONAL NAME | |
| 9 (RLIN) | 21525 |
| Personal name | López, Justo Mario |
| 245 10 - TITLE STATEMENT | |
| Title | Partidos Políticos / |
| Statement of responsibility, etc | Justo Mario López |
| 260 ## - PUBLICATION, DISTRIBUTION, ETC. (IMPRINT) | |
| Place of publication, distribution, etc | Buenos Aires : |
| Name of publisher, distributor, etc | Cooperadora de Derecho y Ciencias Sociales, |
| Date of publication, distribution, etc | 1968 |
| 300 ## - PHYSICAL DESCRIPTION | |
| Extent | 108 p. |
| 440 ## - SERIES STATEMENT/ADDED ENTRY--TITLE | |
| 9 (RLIN) | 21526 |
| Title | Cuadernos de Derecho Político |
| 650 14 - SUBJECT ADDED ENTRY--TOPICAL TERM | |
| 9 (RLIN) | 1665 |
| Topical term or geographic name as entry element | PARTIDO POLITICO |
| 650 27 - SUBJECT ADDED ENTRY--TOPICAL TERM | |
| 9 (RLIN) | 1306 |
| Topical term or geographic name as entry element | LEGISLACIÓN |
| Source of heading or term | unescot |
| 651 #7 - SUBJECT ADDED ENTRY--GEOGRAPHIC NAME | |
| Source of heading or term | unescot |
| 9 (RLIN) | 326 |
| Geographic name | ARGENTINA |
| 942 ## - ADDED ENTRY ELEMENTS (KOHA) | |
| Source of classification or shelving scheme | Dewey Decimal Classification |
| Koha item type | Libro, folleto, traducción |
| 980 ## - EQUIVALENCE OR CROSS-REFERENCE-SERIES STATEMENT--PERSONAL NAME/TITLE [LOCAL, CANADA] | |
| Linkage | 19226 |
| Personal name | Palazón Marcela I. |
| Field link and sequence number | 19226 |
| Miscellaneous information | Palazón Marcela I. |
| Withdrawn status | Lost status | Source of classification or shelving scheme | Damaged status | Not for loan | Home library | Current library | Date acquired | Total Checkouts | Full call number | Barcode | Date last seen | Copy number | Price effective from | Koha item type |
|---|---|---|---|---|---|---|---|---|---|---|---|---|---|---|
| Dewey Decimal Classification | Biblioteca Central | Biblioteca Central | 10/06/2025 | 324.2 LOP | UNAJ25060034 | 10/06/2025 | 1 | 10/06/2025 | Libro, folleto, traducción |